|
|
|
|
| LEADER |
00000nab a2200000 a 4500 |
| 001 |
vtls001019880 |
| 003 |
SK-MaSNL |
| 005 |
20260303035149.0 |
| 008 |
140301e19950313xo 0 slo |
| 035 |
|
|
|a SN5796
|
| 040 |
|
|
|a SNSK
|b slo
|c SNSK
|e AACR2
|
| 041 |
0 |
|
|a slo
|
| 044 |
|
|
|a xo
|c SK
|
| 080 |
|
|
|a 631.115.6
|2 1981
|
| 100 |
0 |
|
|a (AGS)
|4 aut
|9 840331
|
| 245 |
1 |
0 |
|a Vymáhajú aj staré pohľadávky
|b Ako môže poľnohospodárske družstvo hospodáriť so ziskom
|
| 610 |
2 |
7 |
|a Poľnohospodárske družstvo Čingov (Smižany, Slovensko)
|2 SNSK
|9 1021564
|
| 650 |
0 |
7 |
|a hospodárske výsledky
|2 SNSK
|9 70310
|
| 650 |
0 |
7 |
|a informácie
|2 SNSK
|9 1285
|
| 651 |
|
7 |
|a Smižany (Slovensko)
|2 SNSK
|9 29314
|
| 710 |
2 |
|
|a Poľnohospodárske družstvo Čingov, Smižany
|4 aut
|9 1021565
|
| 773 |
0 |
8 |
|t Hospodárske noviny, č.50, 13.3.1995, s. 3
|
| 852 |
|
|
|a ZVYKNI
|b KIS3GCP
|
| 999 |
|
|
|c 1676331
|d 1678261
|